[Event "Wch Juvenil 2013 sub-14"]
[Site "Al-Ain UAE"]
[Date "2013.12.23"]
[Round "6.31"]
[White "Visveshwar, A."]
[Black "Panchanatham, Vignesh"]
[Result "1-0"]
[WhiteElo "1870"]
[BlackElo "2111"]
[PlyCount "83"]
[EventDate "2013.12.19"]
[EventType "swiss"]
[EventRounds "11"]
[EventCountry "UAE"]
[Source "lmi"]
[SourceDate "2013.12.19"]

1. e4 e6 2. d4 d5 3. e5 c5 4. c3 Nc6 5. Nf3 Qb6 6. Bd3 cxd4 7. cxd4 Bd7 8. Bc2
Nb4 9. Nc3 Nxc2+ 10. Qxc2 Rc8 11. O-O a6 12. Be3 Ne7 13. Rac1 Qa7 14. Qd2 b5
15. Ne2 Nc6 16. Nf4 h5 17. Qd3 Be7 18. Nh3 Qb6 19. Rfd1 Qd8 20. Qd2 Qb6 21. Qd3
a5 22. Bg5 Bf8 23. Nf4 Be7 24. Nh3 b4 25. Bxe7 Nxe7 26. Nh4 Rxc1 27. Rxc1 Bb5
28. Qe3 Kd7 29. Ng5 Rf8 30. Rc5 a4 31. Qf3 Nc6 32. Ng6 fxg6 33. Qxf8 Ne7 34.
Nf7 Bd3 35. Qa8 Nc6 36. Nd6 Nxe5 37. Qc8+ Kxd6 38. dxe5+ Kxe5 39. Rc6 Qb5 40.
Qxe6+ Kf4 41. g3+ Kg5 42. Qe3+ 1-0

[Event "Wch Juvenil 2013 sub-14"]
[Site "Al-Ain UAE"]
[Date "2013.12.23"]
[Round "6.32"]
[White "Kozusek, Daniel"]
[Black "Kutsanyan, Andranik"]
[Result "1-0"]
[WhiteElo "2090"]
[BlackElo "1907"]
[PlyCount "63"]
[EventDate "2013.12.19"]
[EventType "swiss"]
[EventRounds "11"]
[EventCountry "UAE"]
[Source "lmi"]
[SourceDate "2013.12.19"]

1. e4 c5 2. Nf3 Nc6 3. d4 cxd4 4. Nxd4 Nf6 5. Nc3 d6 6. Bg5 e5 7. Ndb5 a6 8.
Na3 b5 9. Bxf6 gxf6 10. Nd5 f5 11. g3 fxe4 12. Bg2 Bf5 13. c3 Rc8 14. Nc2 h5
15. Nce3 Bg6 16. Bh3 Rb8 17. a4 b4 18. Qe2 Bg7 19. Qxa6 Ne7 20. Nxe7 Qxe7 21.
Qc6+ Kf8 22. cxb4 Bh6 23. Nd5 Qg5 24. Rd1 Kg7 25. Bd7 h4 26. Qxd6 Rhd8 27. gxh4
Qg2 28. Qxe5+ Kg8 29. Rf1 e3 30. h5 exf2+ 31. Rxf2 Qg1+ 32. Rf1 1-0

[Event "Wch Juvenil 2013 sub-14"]
[Site "Al-Ain UAE"]
[Date "2013.12.23"]
[Round "6.33"]
[White "Puccini, Jack"]
[Black "Yu, Wenlu"]
[Result "1-0"]
[WhiteElo "2073"]
[BlackElo "1862"]
[PlyCount "87"]
[EventDate "2013.12.19"]
[EventType "swiss"]
[EventRounds "11"]
[EventCountry "UAE"]
[Source "lmi"]
[SourceDate "2013.12.19"]

1. e4 c5 2. Nf3 d6 3. d4 cxd4 4. Nxd4 Nf6 5. Nc3 a6 6. Bg5 Nbd7 7. f4 e6 8. Qf3
Qc7 9. O-O-O b5 10. Bxb5 axb5 11. Ndxb5 Qb8 12. e5 Bb7 13. Qe2 dxe5 14. Qc4 Bc5
15. Bxf6 Bd5 16. Nxd5 exd5 17. Qxd5 Be3+ 18. Kb1 Nxf6 19. Nc7+ Kf8 20. Qxa8
Qxa8 21. Nxa8 Ke7 22. fxe5 Rxa8 23. exf6+ Kxf6 24. Rhf1+ Kg6 25. Rd3 Bg5 26.
Rg3 Ra4 27. b3 Rh4 28. a4 f6 29. h3 Kh6 30. Rg4 Kh5 31. Rxh4+ Kxh4 32. a5 Kg3
33. a6 Kxg2 34. a7 Kxf1 35. a8=Q Kf2 36. c4 Kg3 37. c5 Kxh3 38. Qf3+ Kh4 39. c6
h5 40. c7 g6 41. c8=Q f5 42. Qc2 Bf6 43. Qcf2+ Kg5 44. Qf4# 1-0

[Event "Wch Juvenil 2013 sub-14"]
[Site "Al-Ain UAE"]
[Date "2013.12.23"]
[Round "6.34"]
[White "Tello Chavez, Isaac Valent"]
[Black "Spacek, Oliver"]
[Result "0-1"]
[WhiteElo "1823"]
[BlackElo "2041"]
[PlyCount "58"]
[EventDate "2013.12.19"]
[EventType "swiss"]
[EventRounds "11"]
[EventCountry "UAE"]
[Source "lmi"]
[SourceDate "2013.12.19"]

1. d4 d5 2. Nf3 e6 3. Bf4 Bd6 4. Bg3 Nf6 5. e3 O-O 6. Bd3 c5 7. c3 Nc6 8. O-O
Bxg3 9. hxg3 e5 10. dxe5 Ng4 11. e4 d4 12. Bb5 Ngxe5 13. Bxc6 Nxc6 14. Nbd2
dxc3 15. bxc3 Qd3 16. Qb3 Be6 17. Qxb7 Rfc8 18. Qb2 Rab8 19. Qa3 Nd4 20. Qxa7
Nb5 21. Qe7 Nxc3 22. Qh4 Bxa2 23. Kh2 Rb6 24. Qg4 Rh6+ 25. Nh4 Be6 26. Qf4 Ne2
27. Qe5 Qxd2 28. Rfd1 Qc3 29. Qd6 Qf6 0-1

[Event "Wch Juvenil 2013 sub-14"]
[Site "Al-Ain UAE"]
[Date "2013.12.23"]
[Round "6.35"]
[White "Nigmatov, Ortik"]
[Black "Kovalevsky, Stanislav"]
[Result "1-0"]
[WhiteElo "2023"]
[BlackElo "1856"]
[PlyCount "90"]
[EventDate "2013.12.19"]
[EventType "swiss"]
[EventRounds "11"]
[EventCountry "UAE"]
[Source "lmi"]
[SourceDate "2013.12.19"]

1. e4 e6 2. d4 d5 3. Nc3 Nf6 4. exd5 exd5 5. Bd3 Be7 6. Nge2 O-O 7. O-O Nbd7 8.
Ng3 Re8 9. Qf3 Nf8 10. Nf5 Bxf5 11. Bxf5 c6 12. Be3 Bd6 13. g3 Ne6 14. Rad1 Qa5
15. h4 Qb4 16. Ne2 b6 17. a3 Qa5 18. Nc3 b5 19. Bg5 Nd7 20. Rfe1 Ndf8 21. Be3
b4 22. axb4 Qxb4 23. Ne2 a5 24. b3 a4 25. bxa4 Rxa4 26. h5 Ra3 27. c3 Qa5 28.
h6 g6 29. Bxe6 Rxe6 30. Rb1 Qc7 31. Rb2 Qe7 32. Reb1 Ra7 33. Nf4 Bxf4 34. Qxf4
f5 35. Rb8 Kf7 36. Qf3 Qa3 37. g4 Qd6 38. Bg5 Re1+ 39. Rxe1 Qxb8 40. gxf5 Kg8
41. fxg6 Nxg6 42. Qf6 Qc8 43. Qe6+ Qxe6 44. Rxe6 Rc7 45. f4 Nf8 1-0

[Event "Wch Juvenil 2013 sub-14"]
[Site "Al-Ain UAE"]
[Date "2013.12.23"]
[Round "6.36"]
[White "Fawzy, Adham"]
[Black "Graif, William"]
[Result "1-0"]
[WhiteElo "2013"]
[BlackElo "1851"]
[PlyCount "133"]
[EventDate "2013.12.19"]
[EventType "swiss"]
[EventRounds "11"]
[EventCountry "UAE"]
[Source "lmi"]
[SourceDate "2013.12.19"]

1. e4 c5 2. Nf3 d6 3. d4 cxd4 4. Nxd4 Nf6 5. Nc3 g6 6. Be3 Bg7 7. f3 O-O 8. Qd2
Nc6 9. O-O-O Nxd4 10. Bxd4 Be6 11. Kb1 Qc7 12. g4 Rfc8 13. Be2 Qa5 14. Nd5 Qxd2
15. Nxf6+ Bxf6 16. Rxd2 Bxd4 17. Rxd4 g5 18. Rf1 Kg7 19. f4 gxf4 20. Rxf4 Bxa2+
21. Kxa2 e5 22. Rxf7+ Kxf7 23. Rd2 Ke7 24. g5 Rg8 25. h4 Raf8 26. Bc4 Rg7 27.
Bd5 Rf4 28. Rh2 b6 29. Rh3 Kd8 30. Kb3 Rg6 31. c4 Rg4 32. Kb4 h6 33. Kb5 Rg2
34. Kc6 Rf2 35. b4 a5 36. b5 Rf1 37. Kxb6 Ra1 38. Ka6 a4 39. b6 Rb1 40. b7 Kc7
41. Rf3 Rg7 42. Rf8 a3 43. c5 dxc5 44. Rc8+ Kd7 45. b8=Q Rg6+ 46. Rc6 Rxb8 47.
Rxg6 hxg5 48. Rxg5 Rb4 49. Rg2 c4 50. Ra2 Rb3 51. Bxc4 Rh3 52. Kb5 Rxh4 53. Bd3
Ke6 54. Rxa3 Kf6 55. Ra8 Rh3 56. Bc4 Rh1 57. Rf8+ Ke7 58. Rf7+ Kd6 59. Rf6+ Kd7
60. Kc5 Rd1 61. Rf5 Rh1 62. Rxe5 Rh2 63. Rf5 Rh1 64. e5 Re1 65. e6+ Ke8 66. Rf7
Re3 67. Kd6 1-0

[Event "Wch Juvenil 2013 sub-14"]
[Site "Al-Ain UAE"]
[Date "2013.12.23"]
[Round "6.37"]
[White "Zisiadis, Dimitrios"]
[Black "Djurhuus, Eivind X"]
[Result "1-0"]
[WhiteElo "1827"]
[BlackElo "1978"]
[PlyCount "141"]
[EventDate "2013.12.19"]
[EventType "swiss"]
[EventRounds "11"]
[EventCountry "UAE"]
[Source "lmi"]
[SourceDate "2013.12.19"]

1. d4 Nf6 2. c4 e6 3. Nf3 d5 4. g3 dxc4 5. Qa4+ Nbd7 6. Qxc4 a6 7. Bf4 Nd5 8.
Bg5 Be7 9. Bxe7 Qxe7 10. a3 c5 11. Nc3 Nxc3 12. Qxc3 O-O 13. Bg2 Rb8 14. dxc5
Nxc5 15. Rc1 b6 16. b4 Nd7 17. Nd4 Bb7 18. Bxb7 Rxb7 19. Qf3 Ne5 20. Qe4 Rc7
21. O-O Rfc8 22. Qb7 Rxb7 23. Rxc8+ Qf8 24. Rfc1 b5 25. Rxf8+ Kxf8 26. Rc5 Nc4
27. a4 Na3 28. Rc3 Nb1 29. Rc1 Na3 30. Ra1 Nc4 31. axb5 axb5 32. Rc1 Nd6 33.
Rc5 Ke7 34. f3 f6 35. f4 Kd7 36. Kg2 Ra7 37. Nxb5 Rb7 38. Nxd6 Kxd6 39. Rc4 Kd5
40. Rc8 e5 41. Kf3 Rxb4 42. Rc7 g5 43. fxg5 fxg5 44. Rxh7 g4+ 45. Kf2 Ke6 46.
Rh4 Rd4 47. Ke3 Kf5 48. Rh5+ Kf6 49. h3 gxh3 50. Rxh3 Ra4 51. Kf3 Kg5 52. Rh8
Kf6 53. Rh5 Ra3+ 54. e3 Ra1 55. Rh6+ Kg5 56. Rh4 Rf1+ 57. Ke4 Rg1 58. Rh8 Kf6
59. Rg8 Kf7 60. Rg5 Kf6 61. Rf5+ Kg6 62. Rf3 Kg5 63. Kxe5 Kg4 64. Rf8 Re1 65.
e4 Kxg3 66. Kd5 Kg4 67. e5 Ra1 68. e6 Ra5+ 69. Kd6 Ra6+ 70. Ke7 Kg5 71. Kf7 1-0

[Event "Wch Juvenil 2013 sub-14"]
[Site "Al-Ain UAE"]
[Date "2013.12.23"]
[Round "6.38"]
[White "Fernandez, Michael"]
[Black "Liao, Yu Hao"]
[Result "0-1"]
[WhiteElo "1975"]
[BlackElo "1770"]
[PlyCount "146"]
[EventDate "2013.12.19"]
[EventType "swiss"]
[EventRounds "11"]
[EventCountry "UAE"]
[Source "lmi"]
[SourceDate "2013.12.19"]

1. e4 c5 2. Nf3 d6 3. d4 cxd4 4. Nxd4 Nf6 5. Nc3 a6 6. Be3 e5 7. Nb3 Be7 8. f3
Be6 9. Qd2 h5 10. Rd1 O-O 11. Qf2 Nbd7 12. Be2 Qc7 13. O-O b5 14. a3 Rac8 15.
h3 h4 16. Qxh4 Ng4 17. Qxe7 Nxe3 18. Qxd6 Nxd1 19. Rxd1 Nc5 20. Nxc5 Qxc5+ 21.
Qxc5 Rxc5 22. Rd2 Rfc8 23. Rd6 R5c6 24. Rxc6 Rxc6 25. Kf2 Kf8 26. Bd3 Ke7 27.
Nd1 Kd6 28. c3 Bb3 29. Ne3 Kc5 30. g3 a5 31. h4 b4 32. axb4+ axb4 33. f4 bxc3
34. bxc3 exf4 35. gxf4 Kb6 36. h5 Rxc3 37. Be2 Be6 38. f5 Bb3 39. Ng4 Rh3 40.
f6 Rxh5 41. fxg7 Rg5 42. Ke3 Rxg7 43. Kf4 Kc6 44. Ke5 Kd7 45. Ne3 Be6 46. Nf5
Rg2 47. Bb5+ Kd8 48. Nd4 Ke7 49. Nc6+ Kf8 50. Nd4 Rg6 51. Be2 Ke7 52. Kf4 Bd7
53. Bf3 Rd6 54. Ne2 Rf6+ 55. Ke3 Kd6 56. Nd4 Ke5 57. Be2 Rg6 58. Nf3+ Kd6 59.
Kd4 Be6 60. Ne5 Rg2 61. Bf3 Ra2 62. Nd3 Ra4+ 63. Ke3 Ra3 64. e5+ Ke7 65. Ke4
Bd7 66. Bh5 Ra4+ 67. Ke3 Bf5 68. Nf2 Ke6 69. Bd1 Rb4 70. Kf3 Kxe5 71. Kg2 Be4+
72. Kg3 f5 73. Bf3 Rb3 0-1

[Event "Wch Juvenil 2013 sub-14"]
[Site "Al-Ain UAE"]
[Date "2013.12.23"]
[Round "6.39"]
[White "Baterdene, Tsogbayar"]
[Black "Chow, Colin"]
[Result "1/2-1/2"]
[WhiteElo "1816"]
[BlackElo "2114"]
[PlyCount "127"]
[EventDate "2013.12.19"]
[EventType "swiss"]
[EventRounds "11"]
[EventCountry "UAE"]
[Source "lmi"]
[SourceDate "2013.12.19"]

1. e4 e6 2. d4 d5 3. Nd2 Nf6 4. e5 Nfd7 5. Bd3 c5 6. c3 Nc6 7. Ngf3 cxd4 8.
cxd4 f6 9. exf6 Nxf6 10. O-O Bd6 11. Nb3 O-O 12. Bg5 Qe8 13. Qe2 Qh5 14. Bh4 e5
15. Bxf6 e4 16. Ne5 Qh6 17. Qd2 Qxf6 18. Nxc6 bxc6 19. Be2 Qh4 20. g3 Qh3 21.
Qe3 Rf6 22. f4 Rh6 23. Rf2 Bf5 24. Bf1 Qh5 25. Rc1 Rf8 26. Be2 Bg4 27. Bxg4
Qxg4 28. Nd2 Rg6 29. Kh1 Bc7 30. b4 a6 31. Nf1 Rgf6 32. Rcc2 Bb6 33. Kg2 Rh6
34. Kh1 Re8 35. a3 Ba7 36. Rb2 Rb8 37. Rbc2 a5 38. Rb2 Qd1 39. Rbd2 Qa4 40. Ra2
Rb7 41. Qc3 Re6 42. Kg2 Qb5 43. Rfd2 Qc4 44. Qxc4 dxc4 45. Rdc2 e3 46. Kf3 axb4
47. axb4 e2 48. Rxe2 Rxe2 49. Kxe2 Bxd4 50. Nd2 Rxb4 51. Rc2 c3 52. Ne4 Rb2 53.
Kd3 Rxc2 54. Kxc2 Kf7 55. Nxc3 Bxc3 56. Kxc3 Ke6 57. g4 Kd5 58. Kd3 c5 59. h3
c4+ 60. Kc3 Ke4 61. f5 Kf4 62. Kxc4 h6 63. Kd4 Kg3 64. Ke4 1/2-1/2

[Event "Wch Juvenil 2013 sub-14"]
[Site "Al-Ain UAE"]
[Date "2013.12.23"]
[Round "6.40"]
[White "Doluweera, Minul Sanjula"]
[Black "Mesaros, Florian"]
[Result "1/2-1/2"]
[WhiteElo "1857"]
[BlackElo "2196"]
[PlyCount "86"]
[EventDate "2013.12.19"]
[EventType "swiss"]
[EventRounds "11"]
[EventCountry "UAE"]
[Source "lmi"]
[SourceDate "2013.12.19"]

1. c4 g6 2. Nc3 c5 3. g3 Nc6 4. Bg2 Bg7 5. Nf3 e5 6. O-O Nge7 7. a3 O-O 8. Rb1
a5 9. b3 d6 10. Bb2 h6 11. e3 Bg4 12. h3 Bf5 13. d3 Qd7 14. Kh2 Rad8 15. Rc1
Be6 16. Qc2 f5 17. Ne2 Bf7 18. d4 e4 19. Ne1 cxd4 20. Nxd4 Ne5 21. f4 exf3 22.
Nexf3 a4 23. Nd2 axb3 24. Qxb3 N7c6 25. Bc3 Rc8 26. Nb5 Rfd8 27. e4 fxe4 28.
Bxe4 d5 29. cxd5 Bxd5 30. Qb1 Bf7 31. Bg2 Ne7 32. Ne4 Nf5 33. Rfd1 Qe6 34. Nd4
Nxd4 35. Bxd4 Rxc1 36. Qxc1 Rxd4 37. Rxd4 Ng4+ 38. hxg4 Bxd4 39. Qxh6 Qxg4 40.
Ng5 Qh5+ 41. Qxh5 gxh5 42. Nxf7 Kxf7 43. Bxb7 Kg6 1/2-1/2

[Event "Wch Juvenil 2013 sub-14"]
[Site "Al-Ain UAE"]
[Date "2013.12.23"]
[Round "6.41"]
[White "Isaev, Chingys"]
[Black "Mohammad, Fahim"]
[Result "1-0"]
[WhiteElo "1834"]
[BlackElo "2059"]
[PlyCount "77"]
[EventDate "2013.12.19"]
[EventType "swiss"]
[EventRounds "11"]
[EventCountry "UAE"]
[Source "lmi"]
[SourceDate "2013.12.19"]

1. d4 Nf6 2. c4 g6 3. Nc3 d5 4. Nf3 Bg7 5. cxd5 Nxd5 6. e4 Nxc3 7. bxc3 c5 8.
Be3 Qa5 9. Qd2 Nc6 10. Rb1 a6 11. Rc1 O-O 12. d5 Rd8 13. Be2 Bg4 14. O-O e6 15.
Rfd1 Bxf3 16. Bxf3 Ne5 17. Be2 exd5 18. exd5 c4 19. Rb1 b5 20. Qc2 f5 21. f4
Nf7 22. Bd4 Bxd4+ 23. Rxd4 Nd6 24. Bf3 Re8 25. Qd2 Qa3 26. Kf2 a5 27. g4 Qc5
28. Kg2 Ra7 29. Re1 Rae7 30. Re6 b4 31. Qe2 Qc7 32. Qe5 Nb5 33. Qxc7 Rxc7 34.
Rxe8+ Kf7 35. d6 Rd7 36. Bc6 Nxd4 37. Bxd7 bxc3 38. Re1 c2 39. Be8+ 1-0

[Event "Wch Juvenil 2013 sub-14"]
[Site "Al-Ain UAE"]
[Date "2013.12.23"]
[Round "6.42"]
[White "Ooi, Zhi Yang"]
[Black "Fedotov, Nikita"]
[Result "0-1"]
[WhiteElo "1803"]
[BlackElo "2045"]
[PlyCount "104"]
[EventDate "2013.12.19"]
[EventType "swiss"]
[EventRounds "11"]
[EventCountry "UAE"]
[Source "lmi"]
[SourceDate "2013.12.19"]

1. c4 e5 2. Nc3 Nf6 3. g3 d5 4. cxd5 Nxd5 5. Bg2 Nb6 6. Nf3 Nc6 7. O-O Be7 8.
d3 O-O 9. Bd2 Be6 10. Rc1 f5 11. a3 Kh8 12. b4 a6 13. Qc2 Bf6 14. e3 Rf7 15.
Rfd1 Rd7 16. Be1 Qg8 17. Rb1 Rad8 18. b5 axb5 19. Nxb5 e4 20. Nfd4 Bxd4 21.
Nxd4 Nxd4 22. exd4 exd3 23. Rxd3 Bd5 24. Rc3 Bxg2 25. Kxg2 Qf7 26. Rc5 f4 27.
Rf5 Qg6 28. Qc5 h6 29. Rb3 Qe6 30. Rf8+ Rxf8 31. Qxf8+ Kh7 32. Rxb6 cxb6 33.
Qxf4 Qd5+ 34. f3 Qxd4 35. Qc1 Qd3 36. Bf2 b5 37. Qf4 Rd5 38. g4 Qc2 39. Qe3 Qd3
40. Qf4 Rd7 41. h3 g6 42. h4 Qxa3 43. Be3 Qb2+ 44. Kh3 Qg7 45. h5 gxh5 46. Qf5+
Kg8 47. gxh5 Qf7 48. Qg4+ Kh8 49. Bxh6 Rd5 50. Bg5 Qf5 51. Bf6+ Kh7 52. Bh4 b4
0-1

[Event "Wch Juvenil 2013 sub-14"]
[Site "Al-Ain UAE"]
[Date "2013.12.23"]
[Round "6.43"]
[White "Kololli, Martin"]
[Black "Higgs, Joshua"]
[Result "1-0"]
[WhiteElo "2045"]
[BlackElo "1824"]
[PlyCount "65"]
[EventDate "2013.12.19"]
[EventType "swiss"]
[EventRounds "11"]
[EventCountry "UAE"]
[Source "lmi"]
[SourceDate "2013.12.19"]

1. e4 e5 2. Nf3 Nc6 3. Bc4 Bc5 4. c3 Nf6 5. d4 exd4 6. cxd4 Bb4+ 7. Bd2 Nxe4 8.
Bxb4 Nxb4 9. Qb3 d5 10. Qxb4 dxc4 11. O-O Qd5 12. Re1 Be6 13. Nc3 Nxc3 14. bxc3
f6 15. Rxe6+ Qxe6 16. Re1 Qxe1+ 17. Nxe1 O-O-O 18. Qxc4 Rhe8 19. Nc2 Rd6 20.
Ne3 Rde6 21. g3 g6 22. Kg2 a6 23. d5 Rd6 24. Qd4 c6 25. Nc4 Rdd8 26. d6 Kb8 27.
d7 Re7 28. Qd6+ Ka8 29. Qxe7 Rxd7 30. Qxd7 Ka7 31. Qc7 a5 32. Nd6 Ka6 33. Qxb7#
1-0

[Event "Wch Juvenil 2013 sub-14"]
[Site "Al-Ain UAE"]
[Date "2013.12.23"]
[Round "6.44"]
[White "Kokaia, Guram"]
[Black "Sevgi, Volkan"]
[Result "0-1"]
[WhiteElo "1812"]
[BlackElo "2007"]
[PlyCount "68"]
[EventDate "2013.12.19"]
[EventType "swiss"]
[EventRounds "11"]
[EventCountry "UAE"]
[Source "lmi"]
[SourceDate "2013.12.19"]

1. e4 c6 2. d4 d5 3. f3 e6 4. Nc3 Nd7 5. Bf4 Bb4 6. Qd3 Ne7 7. O-O-O O-O 8.
Nge2 b5 9. h4 Nb6 10. h5 Nc4 11. exd5 exd5 12. g4 Qa5 13. Kb1 Ba6 14. h6 g6 15.
b3 Ba3 16. Bd2 Qd8 17. Bc1 Bxc1 18. Kxc1 Nd6 19. Qe3 Re8 20. Qg5 Nec8 21. Qxd8
Rxd8 22. Nf4 Nb6 23. a4 Rac8 24. axb5 Nxb5 25. Nxb5 Bxb5 26. Bxb5 cxb5 27. Rhe1
Kf8 28. g5 Rc6 29. Re5 a5 30. Kb2 a4 31. Rd2 Rcd6 32. Rde2 R6d7 33. R2e3 Rc7
34. Rc3 a3+ 0-1

[Event "Wch Juvenil 2013 sub-14"]
[Site "Al-Ain UAE"]
[Date "2013.12.23"]
[Round "6.45"]
[White "Hiebert, Kenji"]
[Black "Pigeat, Alexandre"]
[Result "0-1"]
[WhiteElo "1769"]
[BlackElo "2002"]
[PlyCount "50"]
[EventDate "2013.12.19"]
[EventType "swiss"]
[EventRounds "11"]
[EventCountry "UAE"]
[Source "lmi"]
[SourceDate "2013.12.19"]

1. b3 e5 2. Bb2 Nc6 3. e3 Nf6 4. Bb5 Bd6 5. Ne2 O-O 6. d3 Ne7 7. d4 e4 8. Ng3
c6 9. Be2 Bc7 10. c4 d5 11. Ba3 Re8 12. Bxe7 Qxe7 13. c5 g6 14. O-O h5 15. Re1
Nh7 16. b4 Qg5 17. Bf1 h4 18. Ne2 Bg4 19. Kh1 Qf5 20. Kg1 Ng5 21. Nd2 Bxh2+ 22.
Kxh2 Qxf2 23. Qc2 h3 24. Kh1 hxg2+ 25. Bxg2 Kg7 0-1

[Event "Wch Juvenil 2013 sub-14"]
[Site "Al-Ain UAE"]
[Date "2013.12.23"]
[Round "6.46"]
[White "Banik, Siddharth G"]
[Black "Jamar, Vadim"]
[Result "1-0"]
[WhiteElo "1978"]
[BlackElo "1803"]
[PlyCount "77"]
[EventDate "2013.12.19"]
[EventType "swiss"]
[EventRounds "11"]
[EventCountry "UAE"]
[Source "lmi"]
[SourceDate "2013.12.19"]

1. e4 c5 2. Nf3 e6 3. d4 cxd4 4. Nxd4 Nc6 5. Nc3 Qc7 6. Be3 a6 7. Qd2 Nf6 8.
O-O-O Be7 9. f3 h5 10. h3 h4 11. Kb1 b5 12. Qf2 d6 13. Bd3 b4 14. Nce2 e5 15.
Nxc6 Qxc6 16. Bg5 Nd7 17. Bxe7 Kxe7 18. f4 Nc5 19. Rhf1 f6 20. Ng1 Be6 21. Nf3
Qa4 22. b3 Qa3 23. fxe5 Na4 24. exd6+ Kd7 25. c4 Nc3+ 26. Ka1 Nxd1 27. Rxd1 Qa5
28. c5 Rhc8 29. Rc1 Bxb3 30. e5 Bd5 31. Bf5+ Be6 32. Bxe6+ Kxe6 33. Nd4+ Kf7
34. e6+ Kg8 35. Nf5 Ra7 36. d7 Rb8 37. Ne7+ Kf8 38. Ng6+ Kg8 39. Qxh4 1-0

[Event "Wch Juvenil 2013 sub-14"]
[Site "Al-Ain UAE"]
[Date "2013.12.23"]
[Round "6.47"]
[White "Agmanov, Zhandos"]
[Black "Foziljonov, Khojiakbar"]
[Result "1-0"]
[WhiteElo "1972"]
[BlackElo "1801"]
[PlyCount "43"]
[EventDate "2013.12.19"]
[EventType "swiss"]
[EventRounds "11"]
[EventCountry "UAE"]
[Source "lmi"]
[SourceDate "2013.12.19"]

1. e4 c5 2. Nf3 d6 3. d4 cxd4 4. Nxd4 Nf6 5. Nc3 a6 6. Bc4 e6 7. Bb3 Nbd7 8.
Bg5 Nc5 9. f4 h6 10. Bh4 g5 11. fxg5 Nfxe4 12. Qh5 Nxg5 13. O-O Rh7 14. Kh1
Nxb3 15. axb3 Be7 16. Rae1 e5 17. Nd5 Bd7 18. Nf5 Bxf5 19. Rxf5 Rg7 20. Ref1
Kf8 21. Qxh6 Kg8 22. Nxe7+ 1-0

[Event "Wch Juvenil 2013 sub-14"]
[Site "Al-Ain UAE"]
[Date "2013.12.23"]
[Round "6.48"]
[White "Zayan, Mohamed"]
[Black "Ait Abbas, Yacine"]
[Result "0-1"]
[WhiteElo "1939"]
[BlackElo "1771"]
[PlyCount "134"]
[EventDate "2013.12.19"]
[EventType "swiss"]
[EventRounds "11"]
[EventCountry "UAE"]
[Source "lmi"]
[SourceDate "2013.12.19"]

1. e4 c6 2. d4 d5 3. Nd2 Nf6 4. e5 Nfd7 5. e6 fxe6 6. Bd3 Nf6 7. Ngf3 Qd6 8.
Ne5 c5 9. c3 Nc6 10. Ndf3 cxd4 11. Nxc6 bxc6 12. cxd4 Bd7 13. Qc2 Rc8 14. Ne5
Qb4+ 15. Bd2 Qxd4 16. Bg6+ hxg6 17. Qxg6+ Kd8 18. Nf7+ Kc7 19. Nxh8 Ne4 20.
Ba5+ Kb7 21. O-O Qf6 22. Rad1 Be8 23. Qg4 Qh6 24. Qf3 Qxh8 25. Qb3+ Ka8 26. Qa3
Rb8 27. Rd3 g5 28. Rb3 Rxb3 29. axb3 Qd4 30. Bb4 Qb6 31. Bxe7 Bg7 32. Bxg5 c5
33. Bh4 Bd4 34. Rd1 Bh5 35. Ra1 Be2 36. Re1 Bb5 37. g4 Nd2 38. Kg2 e5 39. Rd1
Nxb3 40. g5 Be8 41. Rd3 c4 42. Rf3 Bc5 43. Qa2 Qg6 44. Bg3 d4 45. Rf6 Qe4+ 46.
f3 Qe2+ 47. Kh3 Bd7+ 48. Kh4 Qf1 49. g6 Be7 50. Qa6 Qh3+ 51. Kg5 Qf5+ 52. Kh6
Qxf6 53. Qxf6 Bxf6 54. g7 Bxg7+ 55. Kxg7 c3 56. bxc3 dxc3 57. Bxe5 c2 58. Bb2
c1=Q 59. Bxc1 Nxc1 60. h4 Be8 61. f4 a5 62. f5 a4 63. f6 a3 64. f7 Bxf7 65.
Kxf7 a2 66. h5 a1=Q 67. h6 Qh8 0-1

[Event "Wch Juvenil 2013 sub-14"]
[Site "Al-Ain UAE"]
[Date "2013.12.23"]
[Round "6.49"]
[White "Le, Minh Hoang"]
[Black "Sadubayev, Airat"]
[Result "1-0"]
[WhiteElo "1927"]
[BlackElo "1706"]
[PlyCount "119"]
[EventDate "2013.12.19"]
[EventType "swiss"]
[EventRounds "11"]
[EventCountry "UAE"]
[Source "lmi"]
[SourceDate "2013.12.19"]

1. d4 Nf6 2. Nf3 c5 3. e3 cxd4 4. exd4 d5 5. Bd3 Nc6 6. c3 e6 7. Bf4 Be7 8. O-O
O-O 9. Nbd2 Re8 10. Ne5 a6 11. Re1 g6 12. Qf3 Bd7 13. g4 Rc8 14. Rad1 Qb6 15.
Bg5 Nxe5 16. dxe5 Ne4 17. Nxe4 dxe4 18. Bxe4 Ba4 19. b3 Bxg5 20. bxa4 Re7 21.
Rd3 Rcc7 22. Kg2 Red7 23. Rb1 Rxd3 24. Qxd3 Qa7 25. Qd6 Qc5 26. Rxb7 Rc8 27.
Qd7 Rf8 28. Qc7 Qa3 29. Qc4 Bd2 30. Rc7 a5 31. Rc5 Rd8 32. Rxa5 Bxc3 33. Rb5
Bd4 34. Qc2 Qe7 35. a5 Qg5 36. Bf3 h5 37. h3 hxg4 38. hxg4 Kg7 39. Qe4 Qh6 40.
Rb1 Qh4 41. Qe2 Rh8 42. Kf1 Qg5 43. a6 Rh4 44. Rd1 Qh6 45. Qe4 Bc5 46. Qc4 Bb6
47. Qc6 Qf4 48. Qe4 Qh2 49. Bg2 Rh8 50. Rd6 Rb8 51. Rxb6 Rxb6 52. a7 Ra6 53.
a8=Q Rxa8 54. Qxa8 Qxe5 55. Bf3 Qa1+ 56. Kg2 e5 57. Qd5 Qc3 58. a4 f5 59. gxf5
gxf5 60. Qd7+ 1-0

[Event "Wch Juvenil 2013 sub-14"]
[Site "Al-Ain UAE"]
[Date "2013.12.23"]
[Round "6.50"]
[White "Kuruppu, Supun Dasantha"]
[Black "Shi, Diwen"]
[Result "1-0"]
[WhiteElo "1692"]
[BlackElo "1924"]
[PlyCount "64"]
[EventDate "2013.12.19"]
[EventType "swiss"]
[EventRounds "11"]
[EventCountry "UAE"]
[Source "lmi"]
[SourceDate "2013.12.19"]

1. d4 Nf6 2. c4 Nc6 3. Nf3 e6 4. Nc3 d6 5. e4 g6 6. Be2 Bg7 7. O-O O-O 8. Rb1
Re8 9. Re1 e5 10. d5 Nd4 11. Nxd4 exd4 12. Nb5 Nxe4 13. Nxd4 Nxf2 14. Qd2 Ne4
15. Qd3 Nc5 16. Qd1 Re4 17. Nf3 Bf5 18. b4 Rxe2 19. Rxe2 Bxb1 20. bxc5 Bf5 21.
Ba3 Bg4 22. Re4 f5 23. Re6 f4 24. Re4 Qf6 25. cxd6 cxd6 26. Qe1 b6 27. Kh1 g5
28. h3 Bf5 29. Re2 Kf7 30. Bb2 Qd8 31. Bxg7 Kxg7 32. h4 h6 1-0

[Event "Wch Juvenil 2013 sub-14"]
[Site "Al-Ain UAE"]
[Date "2013.12.23"]
[Round "6.51"]
[White "Ahn, Hongjin"]
[Black "Absaridze, Gigi"]
[Result "1-0"]
[WhiteElo "1907"]
[BlackElo "1726"]
[PlyCount "99"]
[EventDate "2013.12.19"]
[EventType "swiss"]
[EventRounds "11"]
[EventCountry "UAE"]
[Source "lmi"]
[SourceDate "2013.12.19"]

1. Nf3 d5 2. g3 Nf6 3. Bg2 e6 4. O-O Be7 5. d4 O-O 6. c4 c6 7. Qc2 Nbd7 8. Nbd2
a6 9. Rd1 Qc7 10. e4 dxe4 11. Nxe4 Nxe4 12. Qxe4 Nf6 13. Qe2 Rd8 14. Bf4 Qb6
15. c5 Qa7 16. Bc7 Re8 17. Ne5 Bd8 18. Bd6 Be7 19. Nc4 Bxd6 20. Nxd6 Rf8 21. a4
Bd7 22. a5 Rad8 23. Qe5 Qb8 24. Rd3 Ne8 25. Nxe8 Rfxe8 26. Qxb8 Rxb8 27. Rb3 e5
28. d5 cxd5 29. Bxd5 Be6 30. Bxe6 Rxe6 31. Rd1 Kf8 32. Rb6 Ke7 33. Rxe6+ Kxe6
34. b4 Ke7 35. Rd6 Rc8 36. Rb6 Rc7 37. f3 Kd7 38. Kf2 Kc8 39. Ke3 Rc6 40. Ke4
Rxb6 41. cxb6 f6 42. Kd5 Kd7 43. g4 g6 44. h4 h5 45. gxh5 gxh5 46. Kc5 f5 47.
Kd5 e4 48. fxe4 fxe4 49. Kxe4 Kc6 50. Kd4 1-0

[Event "Wch Juvenil 2013 sub-14"]
[Site "Al-Ain UAE"]
[Date "2013.12.23"]
[Round "6.52"]
[White "Mamyrbay, Assad"]
[Black "Tavzarashvili, Giorgi"]
[Result "1-0"]
[WhiteElo "1904"]
[BlackElo "1692"]
[PlyCount "37"]
[EventDate "2013.12.19"]
[EventType "swiss"]
[EventRounds "11"]
[EventCountry "UAE"]
[Source "lmi"]
[SourceDate "2013.12.19"]

1. e4 c5 2. Nf3 e6 3. d4 cxd4 4. Nxd4 a6 5. Nc3 Qc7 6. Bd3 Nf6 7. f4 Bb4 8. Bd2
b5 9. e5 Bxc3 10. Bxc3 Nd5 11. Bd2 O-O 12. Qh5 g6 13. Qh6 Qb6 14. Nf3 f6 15.
exf6 Nxf6 16. Ng5 Qf2+ 17. Kd1 d6 18. Nxh7 Rf7 19. Qxg6+ 1-0